000 02147nam a2200421Ia 4500
001 ebr10055354
003 CaPaEBR
006 m u
007 cr cn|||||||||
008 040526s2004 dcu sb 000 0 eng d
010 _z 2004300098
020 _z0309091489 (Book)
020 _z0309530164 (PDF)
040 _aCaPaEBR
_cCaPaEBR
035 _a(OCoLC)55636711
050 1 4 _aRC1128.U6
_bI57 2004eb
082 0 4 _a616.9/80214
_222
110 2 _aInstitute of Medicine (U.S.).
_bCommittee on the Longitudinal Study of Astronaut Health.
245 1 0 _aReview of NASA's longitudinal study of astronaut health
_h[electronic resource] /
_cDavid E. Longnecker, Frederick J. Manning, and Melvin H. Worth, editors; Committee on the Longitudinal Study of Astronaut Health, Board on Health Sciences Policy, Institute of Medicine of the National Academies.
246 3 0 _aNASA's longitudinal study of astronaut health
260 _aWashington, D.C. :
_bNational Academies Press,
_c2004.
300 _axiv, 79 p.
500 _aChairman: David E. Longnecker.
500 _a"This study was supported by Contract/Grant No. NASW-03031 between the National Academy of Sciences and the National Aeronautics and Space Administration."--t.p. verso.
504 _aIncludes bibliographical references (p. 53-55).
533 _aElectronic reproduction.
_bPalo Alto, Calif. :
_cebrary,
_d2009.
_nAvailable via World Wide Web.
_nAccess may be limited to ebrary affiliated libraries.
610 1 0 _aUnited States.
_bNational Aeronautics and Space Administration.
650 0 _aAstronauts
_xHealth aspects
_vLongitudinal studies.
650 0 _aAstronauts
_xHealth risk assessment
_vLongitudinal studies.
650 0 _aSpace flight
_xPhysiological effect
_vLongitudinal studies.
650 0 _aSpace medicine
_xResearch
_zUnited States.
655 7 _aElectronic books.
_2local
700 1 _aLongnecker, David E.,
_d1939-
700 1 _aManning, Frederick J.
700 1 _aWorth, Melvin H.
710 2 _aebrary, Inc.
856 4 0 _uhttp://site.ebrary.com/lib/rucke/Doc?id=10055354
_zAn electronic book accessible through the World Wide Web; click to view
999 _c64788
_d64788